Budapešť chutí ako korenie strednej Európy

Maďarské hlavné mesto z hľadiska svetovosti a z hľadiska globálneho. Stručné informácie o Maďarsku.

Enregistré dans:
Détails bibliographiques
Auteur principal: Kiss, Robert
Format: Chapitre de livre
Langue:slovaque
Sujets:
Tags: Ajouter un tag
Pas de tags, Soyez le premier à ajouter un tag!

MARC

LEADER 00000naa$a2200000$$$4500
001 0001617
005 20230920090935.0
041 0 |a slo 
044 |a SK 
245 1 0 |a Budapešť chutí ako korenie strednej Európy  |c aut. Robert Kiss 
520 |a Maďarské hlavné mesto z hľadiska svetovosti a z hľadiska globálneho. Stručné informácie o Maďarsku. 
610 2 0 |a Maďarsko 
610 2 0 |a mestá 
610 2 0 |a situácia hospodárska 
610 2 0 |a história 
100 1 |a Kiss, Robert